[Event "Superettan(Rockaden,SthlmII-VasterasII)"]
[Site "?"]
[Date "2023.01.21"]
[Round "4"]
[White "Bryntze, Stefan"]
[Black "Gajic, Zoran"]
[Result "1-0"]
[WhiteElo "2226"]
[BlackElo "1939"]
[PlyCount "79"]
[SourceVersionDate "2023.02.11"]

1. f4 e5 2. fxe5 d6 3. Nf3 dxe5 4. e4 Bc5 5. Bc4 Nf6 6. d3 Nc6 7. Nc3 a6 8. Bg5
Qd6 9. Qd2 Na5 10. Bxf6 Nxc4 11. dxc4 gxf6 12. Qxd6 Bxd6 13. Nd5 f5 14. c5 Bxc5
15. Nxc7+ Ke7 16. Nxa8 fxe4 17. Nd2 Bf5 18. Nc7 Kd6 19. Nxa6 bxa6 20. O-O-O Ke6
21. Rhe1 e3 22. Nc4 Rc8 23. c3 Bg4 24. Nxe3 Bxd1 25. Kxd1 Bxe3 26. Rxe3 Rg8 27.
g3 f5 28. c4 Rc8 29. Ra3 Rc6 30. b3 Kf6 31. Ra5 Re6 32. Ke2 Kg5 33. b4 f4 34.
Kf3 fxg3 35. hxg3 h5 36. Ke4 Kg4 37. Ra3 Re8 38. c5 Re6 39. Rc3 Re8 40. c6 1-0

[Event "Superettan(Vaxjo-Kamraterna)"]
[Site "?"]
[Date "2023.01.21"]
[Round "4"]
[White "Lindborg, Patrik"]
[Black "Madebrink, Lars"]
[Result "1/2-1/2"]
[WhiteElo "2184"]
[BlackElo "2138"]
[PlyCount "116"]
[SourceVersionDate "2023.02.11"]

1. d4 g6 2. c4 Bg7 3. Nc3 d6 4. e4 Nd7 5. Nf3 e5 6. Be2 Ngf6 7. O-O O-O 8. Be3
exd4 9. Nxd4 Re8 10. f3 c6 11. Nc2 Qe7 12. Qd2 Ne5 13. Rad1 Be6 14. b3 Bf8 15.
Bg5 Bc8 16. c5 d5 17. b4 dxe4 18. fxe4 Bg7 19. Qf4 Nh5 20. Bxh5 f6 21. Bxf6
Bxf6 22. Qxf6 Qxf6 23. Rxf6 gxh5 24. Ne3 Bg4 25. Rdd6 Rad8 26. h3 Bc8 27. Rh6
Nf7 28. Rxd8 Rxd8 29. Rxh5 Rd3 30. Ncd1 Be6 31. Kf2 Bxa2 32. Kf3 Bb3 33. Nf2
Rd4 34. Kf4 Rxb4 35. Nf5 Bc2 36. Nd6 a5 37. Nxf7 Kxf7 38. Rxh7+ Ke6 39. Rh8 a4
40. Ra8 Rb5 41. g4 Rxc5 42. g5 b6 43. Ng4 Ra5 44. Re8+ Kf7 45. Rc8 a3 46. Rc7+
Ke8 47. Nf6+ Kd8 48. Rd7+ Kc8 49. g6 a2 50. g7 Bb3 51. Rd5 a1=Q 52. g8=Q+ Kb7
53. Qf7+ Ka6 54. Rxa5+ bxa5 55. Qxb3 Qxf6+ 56. Kg4 Qg6+ 57. Kf4 Qf6+ 58. Kg4
Qg6+ 1/2-1/2

[Event "Superettan(Rockaden,SthlmII-VasterasII)"]
[Site "?"]
[Date "2023.01.21"]
[Round "4"]
[White "Granath, Jonas"]
[Black "Zadruzny, Nicolaj"]
[Result "0-1"]
[WhiteElo "1887"]
[BlackElo "2221"]
[PlyCount "70"]
[SourceVersionDate "2023.02.11"]

1. e4 e5 2. Nf3 Nc6 3. Bc4 Bc5 4. O-O Nf6 5. d4 Bxd4 6. Nxd4 Nxd4 7. Bg5 h6 8.
Bh4 d6 9. f4 Qe7 10. fxe5 dxe5 11. Na3 g5 12. c3 Bg4 13. Qa4+ Bd7 14. Qd1 Ne6
15. Qf3 Nf4 16. Bf2 O-O 17. g3 Bg4 18. Qe3 Ne6 19. h4 Bh3 20. Rfe1 Ng4 21. Qf3
gxh4 22. gxh4 Nxf2 23. Qxf2 Nf4 24. Re3 Kh7 25. Kh2 Bd7 26. Rg1 Rg8 27. Ree1
Rxg1 28. Rxg1 Nh3 29. Qxf7+ Qxf7 30. Bxf7 Nxg1 31. Kxg1 Rf8 32. Bb3 Rf4 33. Nc4
Be6 34. Kg2 Bxc4 35. Bxc4 Rxh4 0-1

[Event "Superettan(Vaxjo-Kamraterna)"]
[Site "?"]
[Date "2023.01.21"]
[Round "4"]
[White "Al Waeli, Laith"]
[Black "Heidenfors, Ronald"]
[Result "0-1"]
[WhiteElo "2084"]
[BlackElo "1997"]
[PlyCount "112"]
[SourceVersionDate "2023.02.11"]

1. d4 Nf6 2. c4 g6 3. Nc3 Bg7 4. e4 d6 5. Bd3 e5 6. d5 Nbd7 7. Nge2 h5 8. h4
Nf8 9. Bg5 N8h7 10. Bd2 a6 11. f3 c6 12. Be3 cxd5 13. cxd5 Nd7 14. Qd2 Bf6 15.
g3 b5 16. O-O-O Nb6 17. Kb1 Nf8 18. Rc1 Nfd7 19. Nd1 Na4 20. Nf2 Nac5 21. Rc2
Bb7 22. Nh3 Rc8 23. Rhc1 Nxd3 24. Qxd3 Ke7 25. Ng5 Rxc2 26. Qxc2 Qb8 27. Qb3
Rc8 28. g4 Rxc1+ 29. Nxc1 Qh8 30. gxh5 Qxh5 31. Bf2 Bxg5 32. hxg5 Qxg5 33. a4
Qd2 34. Be3 Qe1 35. axb5 axb5 36. Bg5+ f6 37. Be3 Qf1 38. Ba7 Qc4 39. Qe3 b4
40. Qh6 g5 41. Qh7+ Kd8 42. Bb8 Nxb8 43. Qxb7 Nd7 44. Qa8+ Ke7 45. Qb7 g4 46.
b3 Qd4 47. Na2 Qd1+ 48. Kb2 Qe2+ 49. Kb1 Qxf3 50. Nxb4 Qxb3+ 51. Kc1 Qc3+ 52.
Kb1 Qb3+ 53. Kc1 Qc4+ 54. Kb2 Qd4+ 55. Kc1 Qg1+ 56. Kb2 Qb6 0-1

[Event "Superettan(Rockaden,SthlmII-VasterasII)"]
[Site "?"]
[Date "2023.01.21"]
[Round "4"]
[White "Nikolic, Vladan"]
[Black "Lundback, Anders"]
[Result "1-0"]
[WhiteElo "2188"]
[BlackElo "1847"]
[PlyCount "45"]
[SourceVersionDate "2023.02.11"]

1. d4 d5 2. c4 c6 3. cxd5 cxd5 4. Nc3 Nf6 5. Nf3 Nc6 6. Bf4 a6 7. Ne5 Qb6 8.
Nxc6 bxc6 9. f3 Qxb2 10. Na4 Qb4+ 11. Kf2 Bf5 12. g4 Bg6 13. Rc1 Rc8 14. e3 e6
15. Bxa6 Ra8 16. a3 Qe7 17. Rxc6 Nd7 18. Bb5 Qxa3 19. Qc1 Qxc1 20. Rhxc1 Kd8
21. Rc7 Nb8 22. Rc8+ Ke7 23. Re8+ 1-0

[Event "Superettan(Vaxjo-Kamraterna)"]
[Site "?"]
[Date "2023.01.21"]
[Round "4"]
[White "Sevastianov, Andrii"]
[Black "Borvander, Tom"]
[Result "1-0"]
[WhiteElo "2151"]
[BlackElo "2048"]
[PlyCount "123"]
[SourceVersionDate "2023.02.11"]

1. e4 e5 2. Nf3 Nc6 3. Nc3 Nf6 4. Bb5 Bd6 5. d3 a6 6. Ba4 h6 7. h3 b5 8. Bb3
Bc5 9. Nd5 d6 10. Be3 Bxe3 11. Nxe3 Na5 12. Qd2 Nxb3 13. axb3 g6 14. O-O O-O
15. Nh2 c6 16. f4 h5 17. fxe5 dxe5 18. Qf2 Nh7 19. Nf3 Qe7 20. Qg3 Re8 21. Nf5
Qc5+ 22. Kh1 Ra7 23. b4 Qf8 24. N5h4 Qg7 25. Qf2 Rae7 26. Qc5 Qf6 27. Rf2 Rd8
28. Raf1 Qd6 29. Qxd6 Rxd6 30. Nd2 Kg7 31. Nb3 Nf6 32. Nf3 Nd7 33. g4 hxg4 34.
hxg4 Nf6 35. g5 Nh5 36. Kh2 Rd8 37. Nc5 Rh8 38. Nxe5 Nf4+ 39. Kg3 Rxe5 40. Kxf4
Re7 41. Ke3 Rh5 42. Rg1 Re5 43. Rfg2 Re7 44. Kd4 Rh8 45. Rf2 Rd8+ 46. Kc3 Rd6
47. Rgf1 Ra7 48. Rf6 Rxf6 49. Rxf6 Rc7 50. e5 Bf5 51. Nxa6 Re7 52. Kd4 Be6 53.
Nc5 Bd5 54. c4 bxc4 55. dxc4 Bg2 56. e6 fxe6 57. Nxe6+ Kh7 58. Kc5 Be4 59. Kb6
Bd3 60. c5 Be4 61. Nd8 Re5 62. Re6 1-0

[Event "Superettan(SS 4 Springare-Burgsvik)"]
[Site "?"]
[Date "2023.01.21"]
[Round "4"]
[White "Schandorff, Lars"]
[Black "Sivuk, Vitalii"]
[Result "1/2-1/2"]
[WhiteElo "2482"]
[BlackElo "2527"]
[PlyCount "63"]
[EventDate "2023.??.??"]
[SourceVersionDate "2023.02.10"]

1. Nf3 d5 2. g3 g6 3. Bg2 Bg7 4. d4 c6 5. O-O Nh6 6. Nbd2 Nf5 7. c3 Nd6 8. Re1
Bf5 9. Nh4 Be6 10. e4 dxe4 11. Nxe4 Nxe4 12. Bxe4 O-O 13. Bg2 Bd5 14. Bf4 e6
15. Qd2 Bxg2 16. Kxg2 Qd5+ 17. Nf3 Nd7 18. Bh6 Rfd8 19. Bxg7 Kxg7 20. Qe2 Nf6
21. c4 Qf5 22. Rad1 Rd6 23. Qd2 Ne8 24. Re5 Qf6 25. Rde1 Qd8 26. R1e4 Nf6 27.
Rh4 h5 28. h3 Qe7 29. Qc3 Rad8 30. Rf4 Nd7 31. Re3 f6 32. Re1 1/2-1/2

[Event "Superettan(Upsala-Lulea)"]
[Site "?"]
[Date "2023.01.21"]
[Round "4"]
[White "Martirosyan, Haik M"]
[Black "Johansson, Jan"]
[Result "1-0"]
[WhiteElo "2682"]
[BlackElo "2289"]
[PlyCount "57"]
[SourceVersionDate "2023.02.11"]

1. d4 g6 2. e4 Bg7 3. Nf3 d6 4. Bc4 Nf6 5. Qe2 O-O 6. e5 dxe5 7. dxe5 Nd5 8. h3
c6 9. O-O Qc7 10. Re1 Nd7 11. Nbd2 Nc5 12. Nb3 Ne6 13. Qe4 a5 14. a3 b5 15. Bf1
Bb7 16. Qh4 a4 17. Nbd2 f5 18. c4 bxc4 19. Nxc4 Ba6 20. Bd2 Rfb8 21. Rac1 Qd7
22. Rc2 Rb3 23. Nd4 Ndf4 24. Nxb3 axb3 25. Rcc1 Bxc4 26. Bxc4 Qxd2 27. Rcd1 g5
28. Bxe6+ Nxe6 29. Qc4 1-0

[Event "Superettan(Orebro-Orgryte)"]
[Site "?"]
[Date "2023.01.21"]
[Round "4"]
[White "Abdrlauf, Elham"]
[Black "Gruvaeus, Curt"]
[Result "1-0"]
[WhiteElo "2518"]
[BlackElo "2223"]
[PlyCount "37"]
[SourceVersionDate "2023.02.11"]

1. e4 g6 2. d4 Bg7 3. Nf3 d6 4. Be3 Nf6 5. Nc3 c6 6. Qd2 Qa5 7. Bd3 Ng4 8. Bg5
Nf6 9. h3 Nbd7 10. O-O-O O-O 11. Kb1 Re8 12. Bh6 e5 13. Rhe1 Nf8 14. d5 Qc7 15.
Qg5 N8d7 16. Nh4 Nc5 17. g4 cxd5 18. Bxg7 Kxg7 19. Qxf6+ 1-0

[Event "Superettan(SS 4 Springare-Burgsvik)"]
[Site "?"]
[Date "2023.01.21"]
[Round "4"]
[White "Larkin, Vladyslav"]
[Black "Persson, Mats"]
[Result "1-0"]
[WhiteElo "2450"]
[BlackElo "2323"]
[PlyCount "53"]
[SourceVersionDate "2023.02.10"]

1. e4 c5 2. Nf3 e6 3. b3 Nf6 4. e5 Nd5 5. Bb2 Be7 6. c4 Nf4 7. h4 g6 8. d4 cxd4
9. Qxd4 Nh5 10. Nc3 Nc6 11. Qd2 f5 12. Nb5 O-O 13. Nd6 Bxd6 14. exd6 Qa5 15.
Bc3 Qa3 16. Rh3 a5 17. Ng5 Qc5 18. Be2 Nf6 19. h5 e5 20. hxg6 hxg6 21. f4 Ng4
22. O-O-O Nf2 23. Rh6 Rf6 24. fxe5 Nxe5 25. Qd5+ Qxd5 26. Rxd5 Nf7 27. Nxf7 1-0

[Event "Superettan(Upsala-Lulea)"]
[Site "?"]
[Date "2023.01.21"]
[Round "4"]
[White "Sirin, Atakan"]
[Black "Ernst, Thomas"]
[Result "1/2-1/2"]
[WhiteElo "2332"]
[BlackElo "2273"]
[PlyCount "62"]
[SourceVersionDate "2023.02.11"]

1. d4 Nf6 2. Nc3 d5 3. Bf4 c6 4. e3 g6 5. Be2 Bg7 6. h4 h5 7. Nh3 Bxh3 8. Rxh3
Nbd7 9. Qd3 Qa5 10. f3 c5 11. Qb5 Qxb5 12. Bxb5 cxd4 13. exd4 e6 14. O-O-O O-O
15. g4 Nb6 16. Be2 a6 17. Bg5 Nbd7 18. Rg1 Rac8 19. Bd3 Rc6 20. Kb1 Rfc8 21.
Ne2 hxg4 22. fxg4 Ne4 23. Be3 e5 24. h5 exd4 25. Nxd4 Rb6 26. Nb3 Re6 27. h6
Be5 28. Nd4 Rb6 29. Nb3 Re6 30. Nd4 Rb6 31. Nb3 Re6 1/2-1/2

[Event "Superettan(Orebro-Orgryte)"]
[Site "?"]
[Date "2023.01.21"]
[Round "4"]
[White "Backe, Peter"]
[Black "Olsson, William"]
[Result "0-1"]
[WhiteElo "2228"]
[BlackElo "2298"]
[PlyCount "86"]
[SourceVersionDate "2023.02.11"]

1. d4 d5 2. Nf3 Nf6 3. c4 c6 4. e3 e6 5. Nc3 Nbd7 6. Bd3 dxc4 7. Bxc4 b5 8. Bb3
Bb7 9. O-O a6 10. a3 c5 11. Qe2 c4 12. Bc2 Be7 13. e4 h6 14. Bf4 g5 15. Be3 Qc7
16. e5 Nd5 17. Nxd5 Bxd5 18. Nd2 O-O-O 19. a4 f5 20. exf6 Nxf6 21. axb5 axb5
22. f3 Bd6 23. g3 Rhf8 24. Ne4 Qb7 25. Nxd6+ Rxd6 26. f4 g4 27. f5 Bf3 28. Qe1
Re8 29. fxe6 Qd5 30. Ra7 Qxe6 31. Ra8+ Kb7 32. Rxe8 Qxe8 33. Qc1 Nd5 34. Bf2
Qh5 35. Be1 Re6 36. Rf2 Qe8 37. Bd2 Qh8 38. Bd1 Qxd4 39. Bxf3 gxf3 40. Bxh6 Re2
41. Qf1 Ne3 42. Bxe3 Qxe3 43. h4 Re1 0-1

[Event "Superettan(Vaxjo-Orebro)"]
[Site "?"]
[Date "2023.01.20"]
[Round "6"]
[White "Gruvaeus, Curt"]
[Black "Solodovnichenko, Yuri"]
[Result "1/2-1/2"]
[WhiteElo "2223"]
[BlackElo "2514"]
[PlyCount "114"]
[SourceVersionDate "2023.02.12"]

1. Nf3 c5 2. c4 Nf6 3. g3 b6 4. Bg2 Bb7 5. O-O e6 6. d4 cxd4 7. Nxd4 Bxg2 8.
Kxg2 Qc8 9. b3 Qb7+ 10. f3 Bc5 11. Nc3 O-O 12. e4 Rc8 13. Bg5 Ne8 14. Rc1 a6
15. Be3 b5 16. cxb5 axb5 17. a4 bxa4 18. Nxa4 Na6 19. Rf2 Ba7 20. Rxc8 Rxc8 21.
Rc2 Rb8 22. Rc3 Nec7 23. Nc2 Bxe3 24. Nxe3 Nb5 25. Rc4 h6 26. Qd3 Na3 27. Rc3
Nb4 28. Qd6 Qa7 29. Qc5 Qxc5 30. Nxc5 d6 31. Nd7 Rd8 32. Rc7 Nd3 33. Nb6 Nb5
34. Rc8 Rxc8 35. Nxc8 Kf8 36. Nc4 d5 37. exd5 exd5 38. Nd2 d4 39. Kf1 Nb4 40.
Nc4 d3 41. Kf2 Nd4 42. Nd2 Ndc2 43. h4 g6 44. f4 h5 45. f5 gxf5 46. Nd6 f4 47.
gxf4 Kg7 48. Kf3 Kf6 49. Ke4 Ne1 50. Nf5 Ng2 51. Ng3 Kg6 52. Nf3 f6 53. f5+ Kf7
54. Nxh5 Nxh4 55. Nd2 Ke7 56. Kd4 Nxf5+ 57. Kc4 Nc6 1/2-1/2

[Event "Superettan(Vaxjo-Orebro)"]
[Site "?"]
[Date "2023.01.20"]
[Round "6"]
[White "Lindberg, Bengt"]
[Black "Nygren, Kim"]
[Result "1/2-1/2"]
[WhiteElo "2351"]
[BlackElo "2206"]
[PlyCount "86"]
[SourceVersionDate "2023.02.12"]

1. e4 e6 2. d4 d5 3. Nc3 Bb4 4. e5 c5 5. a3 Bxc3+ 6. bxc3 Nc6 7. a4 Qa5 8. Bd2
Nge7 9. Nf3 Bd7 10. Be2 c4 11. O-O f6 12. Re1 fxe5 13. dxe5 O-O 14. Bf1 Be8 15.
Ng5 Nd8 16. g3 Bg6 17. Bh3 Nf5 18. f4 Qb6+ 19. Kh1 h6 20. Nf3 Nc6 21. Rb1 Qc7
22. g4 Nfe7 23. Nh4 d4 24. g5 dxc3 25. Bxe6+ Bf7 26. Bxf7+ Rxf7 27. Bxc3 Rxf4
28. Ng2 Rd8 29. Qe2 Nd4 30. Bxd4 Rfxd4 31. gxh6 Qc6 32. e6 R8d5 33. c3 Rd3 34.
Qg4 g6 35. Rf1 Rh5 36. Qf4 Rf5 37. Qb8+ Kh7 38. Rxf5 Nxf5 39. Rxb7+ Kxh6 40.
Qf8+ Kg5 41. Rb1 Qxe6 42. Qc5 Qd6 43. Qf2 Rd1+ 1/2-1/2

[Event "Superettan(Vaxjo-Orebro)"]
[Site "?"]
[Date "2023.01.20"]
[Round "6"]
[White "Drugge, Patrick"]
[Black "Rydstrom, Tom"]
[Result "0-1"]
[WhiteElo "2206"]
[BlackElo "2306"]
[PlyCount "60"]
[SourceVersionDate "2023.02.12"]

1. e4 e5 2. Nf3 Nc6 3. Bc4 Bc5 4. c3 Nf6 5. d3 a6 6. Nbd2 Ba7 7. Bb3 d6 8. Nf1
h6 9. h3 Be6 10. g4 Qd7 11. Ng3 O-O-O 12. c4 h5 13. g5 h4 14. Nf1 Ng8 15. Ba4
Bxh3 16. b4 Bg2 17. Rg1 Qh3 18. N1h2 Nd4 19. Nxd4 Bxd4 20. Rb1 f5 21. Nf1 Bxf1
22. Rxf1 fxe4 23. dxe4 Qg2 24. Qe2 h3 25. Bd1 Rf8 26. Bb2 Bxb2 27. Qg4+ Kb8 28.
Rxb2 Qxf1+ 29. Kxf1 h2 30. Bf3 Rxf3 0-1

[Event "Superettan(Vaxjo-Orebro)"]
[Site "?"]
[Date "2023.01.20"]
[Round "6"]
[White "Lindborg, Patrik"]
[Black "Ivraeus, Love"]
[Result "1/2-1/2"]
[WhiteElo "2184"]
[BlackElo "2053"]
[PlyCount "98"]
[SourceVersionDate "2023.02.12"]

1. d4 d5 2. c4 c6 3. Nf3 Nf6 4. Nc3 g6 5. cxd5 cxd5 6. Qb3 Bg7 7. Bg5 Nc6 8. e3
e6 9. Be2 O-O 10. O-O h6 11. Bh4 g5 12. Bg3 Nh5 13. Be5 f6 14. Bg3 Nxg3 15.
hxg3 f5 16. Rad1 h5 17. Bb5 g4 18. Nh4 Ne7 19. Ne2 Bh6 20. Rc1 Qd6 21. Rc2 a6
22. Bd3 b6 23. Rfc1 Bd7 24. Rc7 Rfc8 25. Qa3 Qxa3 26. bxa3 Rd8 27. Rb7 Kf8 28.
Rxb6 Ra7 29. a4 Rda8 30. Rcb1 Kf7 31. Bxf5 Bg5 32. Bd3 Bxa4 33. Nf4 Bxf4 34.
gxf4 Bb5 35. Bxb5 axb5 36. R6xb5 Rxa2 37. R5b2 Kf6 38. Rxa2 Rxa2 39. Rb8 g3 40.
fxg3 Re2 41. Rf8+ Kg7 42. Re8 Kf7 43. Rh8 Rxe3 44. Kf2 Re4 45. Nf3 Kg7 46. Rxh5
Nf5 47. Ng5 Kg6 48. Nxe4 Kxh5 49. Nf6+ Kg6 1/2-1/2

[Event "Superettan(Vaxjo-Orebro)"]
[Site "?"]
[Date "2023.01.20"]
[Round "6"]
[White "Skoog, Daniel"]
[Black "Sevastianov, Andrii"]
[Result "0-1"]
[WhiteElo "2043"]
[BlackElo "2151"]
[PlyCount "94"]
[SourceVersionDate "2023.02.12"]

1. c4 e5 2. g3 Nc6 3. Nc3 Nf6 4. Bg2 Bc5 5. Nf3 d6 6. O-O O-O 7. d3 h6 8. a3 a6
9. b4 Ba7 10. Bb2 Be6 11. Rc1 Qd7 12. e3 Rfe8 13. Re1 Ne7 14. d4 exd4 15. Nxd4
Bg4 16. Qd2 c6 17. b5 Rad8 18. a4 Nh7 19. bxc6 bxc6 20. f3 Bh3 21. Bxh3 Qxh3
22. Ne4 Ng5 23. Nxg5 hxg5 24. Qa5 Bxd4 25. exd4 Nf5 26. Qd2 g4 27. Qg2 Qxg2+
28. Kxg2 Rb8 29. Rxe8+ Rxe8 30. fxg4 Re2+ 31. Kf3 Rxh2 32. gxf5 Rxb2 33. Ke4
Kf8 34. Rh1 Rb4 35. Rh8+ Ke7 36. Rg8 Rxc4 37. Kd3 Rxa4 38. Rxg7 Kf6 39. Rg8
Kxf5 40. Rc8 Ra3+ 41. Kc4 d5+ 42. Kc5 Rc3+ 43. Kb6 Ke4 44. Rf8 f5 45. Kxa6 Rxg3
46. Kb6 Rc3 47. Rf6 f4 0-1

[Event "Superettan(Vaxjo-Orebro)"]
[Site "?"]
[Date "2023.01.20"]
[Round "6"]
[White "Heidenfors, Ronald"]
[Black "Horbing, Stefan"]
[Result "0-1"]
[WhiteElo "1997"]
[BlackElo "2090"]
[PlyCount "76"]
[SourceVersionDate "2023.02.12"]

1. c4 c6 2. Nf3 Nf6 3. g3 d5 4. Bg2 Bf5 5. cxd5 cxd5 6. O-O e6 7. Nc3 Nc6 8. d4
Be7 9. h3 h6 10. Bf4 O-O 11. Ne5 Rc8 12. Rc1 Na5 13. g4 Bh7 14. e3 Nc4 15. Qe2
a6 16. e4 Nxe5 17. dxe5 Nxe4 18. Nxe4 dxe4 19. Rxc8 Qxc8 20. Bxe4 Bxe4 21. Qxe4
Rd8 22. Rc1 Qd7 23. Qc4 Bg5 24. Bxg5 hxg5 25. Qc7 Qd2 26. Kg2 Qd5+ 27. Kh2 Rd7
28. Qb8+ Kh7 29. Rc8 Qe4 30. Rh8+ Kg6 31. h4 Qf4+ 32. Kg2 Qxg4+ 33. Kh2 Rd3 34.
hxg5 Qf4+ 35. Kg1 Rd1+ 36. Kg2 Qg4+ 37. Kh2 Qg1+ 38. Kh3 Rd3+ 0-1

[Event "Superettan(Lulea-Burgsvik)"]
[Site "?"]
[Date "2023.01.20"]
[Round "6"]
[White "Haitin, Ilja"]
[Black "Martirosyan, Haik M"]
[Result "0-1"]
[WhiteElo "2337"]
[BlackElo "2682"]
[PlyCount "78"]
[SourceVersionDate "2023.02.12"]

1. Nf3 c5 2. g3 Nc6 3. Bg2 g6 4. c4 Bg7 5. Nc3 d6 6. O-O e6 7. e3 Nge7 8. d4
O-O 9. d5 exd5 10. cxd5 Ne5 11. Nd2 Nf5 12. Qe2 Re8 13. Rb1 a6 14. a4 Rb8 15.
b4 Nd7 16. Nce4 cxb4 17. Rxb4 Nb6 18. Bb2 Bxb2 19. Rxb2 Nxa4 20. Rb4 b5 21. Qd1
Nb6 22. Nb3 Bb7 23. Nd4 Nxd5 24. Nxf5 gxf5 25. Rd4 fxe4 26. Rxd5 Bxd5 27. Qxd5
Re5 28. Qc6 Rb6 29. Qc2 d5 30. Rc1 Re8 31. Bh3 d4 32. exd4 Qxd4 33. Rd1 Qf6 34.
Qc5 Rc6 35. Qe3 Rc3 36. Qa7 e3 37. fxe3 Qe7 38. Qxa6 Qxe3+ 39. Kh1 Qf3+ 0-1

[Event "Superettan(Lulea-Burgsvik)"]
[Site "?"]
[Date "2023.01.20"]
[Round "6"]
[White "Ernst, Thomas"]
[Black "Persson, Mats"]
[Result "1/2-1/2"]
[WhiteElo "2273"]
[BlackElo "2323"]
[PlyCount "60"]
[SourceVersionDate "2023.02.12"]

1. e4 c5 2. Nf3 e6 3. d4 cxd4 4. Nxd4 Nc6 5. Nb5 Nf6 6. N1c3 Bc5 7. Bf4 O-O 8.
Bc7 Qe7 9. Bd6 Bxd6 10. Qxd6 Qd8 11. Be2 a6 12. Nd4 Qb6 13. Nb3 Ne8 14. Qd2 Qc7
15. a4 b6 16. Rd1 d6 17. O-O Bb7 18. Qe3 Nf6 19. Rd2 Rfd8 20. f4 Rd7 21. g4
Rad8 22. g5 Ne8 23. f5 Ne5 24. fxe6 fxe6 25. Nd4 Re7 26. Bd3 Qc5 27. Rdf2 Nc7
28. Be2 Nc6 29. Rd1 Nxd4 30. Rxd4 b5 1/2-1/2

[Event "Superettan(Lulea-Burgsvik)"]
[Site "?"]
[Date "2023.01.20"]
[Round "6"]
[White "Schandorff, Lars"]
[Black "Marcussen, Arno"]
[Result "1-0"]
[WhiteElo "2482"]
[BlackElo "2185"]
[PlyCount "82"]
[SourceVersionDate "2023.02.12"]

1. Nf3 c5 2. c4 Nc6 3. Nc3 d6 4. e3 g6 5. d4 cxd4 6. exd4 Bg7 7. h3 Nf6 8. Be2
O-O 9. d5 Nb4 10. O-O e6 11. a3 Na6 12. dxe6 fxe6 13. Be3 Nc7 14. Qd2 Nce8 15.
Rad1 a6 16. Rfe1 Qc7 17. b4 Bd7 18. Rc1 Bc6 19. Nd4 Bd7 20. Bf3 e5 21. Nd5 Qd8
22. Nb3 Bc6 23. Na5 e4 24. Bb6 Qd7 25. Bxe4 Nxe4 26. Rxe4 Kh8 27. Rce1 Bxd5 28.
cxd5 Nf6 29. Re7 Qb5 30. Bd4 Rae8 31. Bxf6 Bxf6 32. Rxe8 Rxe8 33. Rxe8+ Qxe8
34. Nxb7 Qe7 35. Na5 Qe5 36. Nc4 Qe4 37. Ne3 Qb1+ 38. Kh2 Be5+ 39. g3 h5 40.
Nc4 Bg7 41. h4 Bf8 1-0

[Event "Superettan(Lulea-Burgsvik)"]
[Site "?"]
[Date "2023.01.20"]
[Round "6"]
[White "Wulkan, Martin"]
[Black "Andersson, Tommy"]
[Result "1/2-1/2"]
[WhiteElo "2244"]
[BlackElo "2378"]
[PlyCount "49"]
[SourceVersionDate "2023.02.12"]

1. d4 Nf6 2. Nf3 e6 3. Bg5 Be7 4. Nbd2 d5 5. e3 c5 6. c3 O-O 7. Bd3 Nbd7 8. O-O
b6 9. Ne5 Nxe5 10. dxe5 Nd7 11. Bxe7 Qxe7 12. f4 f6 13. exf6 Qxf6 14. Nf3 g6
15. Bb5 Nb8 16. Ne5 a6 17. Bd3 Nd7 18. Qg4 Ra7 19. Qg3 c4 20. Bc2 Nxe5 21. fxe5
Qd8 22. Rxf8+ Kxf8 23. Rf1+ Rf7 24. Rxf7+ Kxf7 25. Qf4+ 1/2-1/2

[Event "Superettan(Lulea-Burgsvik)"]
[Site "?"]
[Date "2023.01.20"]
[Round "6"]
[White "Andersson, Bjorn"]
[Black "Marklund, Niklas"]
[Result "1/2-1/2"]
[WhiteElo "2172"]
[BlackElo "2174"]
[PlyCount "120"]
[SourceVersionDate "2023.02.12"]

1. e4 c5 2. Nf3 d6 3. d4 cxd4 4. Nxd4 Nf6 5. Nc3 a6 6. Be2 g6 7. Be3 Bg7 8. g4
d5 9. e5 Ne4 10. f4 Nxc3 11. bxc3 Qc7 12. Qd3 Nd7 13. Nb3 b6 14. Bd4 e6 15. Qe3
Bb7 16. O-O O-O 17. Bd3 Rfe8 18. g5 Bf8 19. h4 Bc5 20. h5 Bxd4 21. cxd4 Qc3 22.
Qh3 a5 23. hxg6 fxg6 24. Rf3 Qb2 25. a4 Nf8 26. Qf1 Rec8 27. Rb1 Qa2 28. Ra1
Qb2 29. Rb1 Qa3 30. Bb5 Qa2 31. c3 Rc7 32. Qc1 Bc6 33. Rf2 Qxf2+ 34. Kxf2 Bxb5
35. axb5 Rac8 36. Nc5 bxc5 37. b6 Rb7 38. Qa3 cxd4 39. cxd4 Rcb8 40. Qd6 a4 41.
Ke2 a3 42. Qxa3 Rxb6 43. Rxb6 Rxb6 44. Kf3 Rb1 45. Qa6 Rd1 46. Qa4 Rf1+ 47. Ke3
Kf7 48. Qa7+ Kg8 49. Qe7 Rb1 50. Kd2 Rb3 51. Qf6 Rh3 52. Ke2 Rg3 53. Qe7 Rh3
54. Kf2 Rc3 55. Qb4 Rh3 56. Ke2 Rg3 57. Qb5 Rh3 58. Kf2 Rc3 59. Kg2 Re3 60. Kf2
Rh3 1/2-1/2

[Event "Superettan(Lulea-Burgsvik)"]
[Site "?"]
[Date "2023.01.20"]
[Round "6"]
[White "Hovhannisyan, Hrayr"]
[Black "Hakansson, Rustan"]
[Result "1-0"]
[WhiteElo "2192"]
[BlackElo "1928"]
[PlyCount "75"]
[SourceVersionDate "2023.02.12"]

1. d4 g6 2. c4 Bg7 3. Nf3 Nf6 4. g3 b6 5. Bg2 Bb7 6. d5 O-O 7. Nc3 d6 8. O-O c6
9. e4 Nbd7 10. Nd4 cxd5 11. exd5 Rc8 12. b3 Re8 13. Be3 Nc5 14. Rc1 a6 15. b4
Ncd7 16. Qb3 Ba8 17. Nc6 Qc7 18. Rfd1 Nb8 19. b5 a5 20. c5 bxc5 21. b6 Qd7 22.
Nxa5 Bb7 23. Qb5 Ba6 24. Qb3 Ng4 25. Bf4 Bd4 26. Ne4 f5 27. h3 fxe4 28. hxg4
Qxg4 29. b7 Rcd8 30. Nc6 Rd7 31. Nxd4 Rxb7 32. Qa4 Rf8 33. Ne6 Be2 34. Nxf8
Kxf8 35. Qxe4 Bxd1 36. f3 Bxf3 37. Bxf3 Qh3 38. Bg4 1-0

[Event "Superettan(Lulea-Burgsvik)"]
[Site "?"]
[Date "2023.01.20"]
[Round "6"]
[White "Larsson, Victor"]
[Black "Liden, Tommy"]
[Result "0-1"]
[WhiteElo "2181"]
[BlackElo "2056"]
[PlyCount "94"]
[SourceVersionDate "2023.02.12"]

1. d4 d5 2. Bf4 c5 3. e3 e6 4. c3 Bd6 5. Bg3 Qc7 6. Nf3 Nd7 7. Nbd2 Ngf6 8. Bd3
O-O 9. Qb1 Re8 10. Bxd6 Qxd6 11. O-O e5 12. e4 exd4 13. cxd4 cxd4 14. Re1 dxe4
15. Nxe4 Nxe4 16. Bxe4 g6 17. Rd1 Ne5 18. Nxd4 Bg4 19. f3 Qb6 20. Kh1 Rad8 21.
Nb3 Be6 22. Rxd8 Rxd8 23. Qg1 Qxg1+ 24. Kxg1 b6 25. Rc1 Nc4 26. Rc2 f5 27. Bb7
f4 28. g3 Rd1+ 29. Kf2 Ne3 30. Rc1 Bxb3 31. Rc8+ Kg7 32. gxf4 Nf5 33. axb3 Rd2+
34. Kg1 Rxb2 35. Bd5 Ne7 36. Rc7 Kf6 37. Bc4 b5 38. Bxb5 Rxb3 39. Ba4 Rb1+ 40.
Kf2 a6 41. Ra7 Rb6 42. Bd7 h5 43. Kg3 Nf5+ 44. Bxf5 Kxf5 45. Ra8 Ke6 46. Kh4
Kf5 47. Rf8+ Rf6 0-1

[Event "Superettan(Lulea-Burgsvik)"]
[Site "?"]
[Date "2023.01.20"]
[Round "6"]
[White "Hart, Alexander"]
[Black "Fraenkel, Mikael"]
[Result "1/2-1/2"]
[WhiteElo "1985"]
[BlackElo "1940"]
[PlyCount "74"]
[SourceVersionDate "2023.02.12"]

1. d4 d5 2. c4 e6 3. Nc3 Be7 4. cxd5 exd5 5. Bf4 Nf6 6. e3 b6 7. Bd3 c5 8. Nf3
O-O 9. dxc5 bxc5 10. h3 Nc6 11. O-O h6 12. Rc1 Qb6 13. Na4 Qa5 14. a3 Bd7 15.
Bc2 Rfd8 16. Nc3 Be6 17. Ba4 Rac8 18. Bxc6 Rxc6 19. Qe2 d4 20. exd4 cxd4 21.
Nb1 Rxc1 22. Rxc1 Qd5 23. Qa6 Bc5 24. Nbd2 d3 25. b4 Bb6 26. a4 Ne4 27. Be3
Bxe3 28. fxe3 Nxd2 29. Nxd2 Qa2 30. Qa5 Qxd2 31. Qxd8+ Kh7 32. Qc7 Qxe3+ 33.
Kh1 d2 34. Qc2+ g6 35. Rd1 Qe1+ 36. Kh2 Qe5+ 37. Kh1 Qe1+ 1/2-1/2

[Event "Superettan(Vaxjo-Orebro)"]
[Site "?"]
[Date "2023.01.20"]
[Round "6"]
[White "Lundin, Jan"]
[Black "Hillarp, Tiger"]
[Result "0-1"]
[WhiteElo "2209"]
[BlackElo "2508"]
[PlyCount "65"]
[SourceVersionDate "2023.02.12"]

1. d4 Nf6 2. c4 g6 3. h4 c5 4. d5 d6 5. Nc3 e6 6. e4 exd5 7. exd5 Nbd7 8. Be2
Ne5 9. Bg5 h6 10. Bf4 Qe7 11. Kf1 Bg7 12. Qd2 Bf5 13. Re1 O-O-O 14. Nf3 Nfg4
15. Nxe5 Nxe5 16. g3 g5 17. Be3 Bf6 18. h5 Qd7 19. f3 Rde8 20. Kg2 g4 21. f4
Nf3 22. Bxf3 gxf3+ 23. Kf2 a6 24. a3 Rhg8 25. Rhg1 Bh3 26. b4 Bg2 27. Rxg2 fxg2
28. Kxg2 cxb4 29. axb4 Qf5 30. Ne2 Re4 31. c5 Rge8 32. Bf2 Qxh5 33. Nc3 0-1